LEADER 02356oam 2200637 450 001 9910716008003321 005 20210604084722.0 035 $a(CKB)5470000002518029 035 $a(OCoLC)682045938$z(OCoLC)631786799$z(OCoLC)667891396$z(OCoLC)985369214 035 $a(OCoLC)995470000002518029 035 $a(EXLCZ)995470000002518029 100 $a20101117d1997 ua 0 101 0 $aeng 135 $aurbn||||||||| 181 $ctxt$2rdacontent 182 $cc$2rdamedia 183 $acr$2rdacarrier 200 10$aSummary of information on aquatic biota and their habitats in the Willamette Basin, Oregon, through 1995 /$fby Bob Altman, Colleen M. Henson, and Ian R. Waite ; prepared in cooperation with the U.S. Fish and Wildlife Service and as part of the National Water-Quality Assessment Program 210 1$aPortland, Oregon :$cU.S. Geological Survey,$d1997. 215 $a1 online resource (viii, 174 pages) $cillustrations, maps (some color) 225 1 $aWater-resources investigations report ;$v97-4023 320 $aIncludes bibliographical references (pages 67-85). 606 $aAquatic organisms$zOregon$zWillamette River Watershed 606 $aAquatic habitats$zOregon$zWillamette River Watershed 606 $aAquatic ecology$zOregon$zWillamette River Watershed 606 $aAquatic ecology$2fast 606 $aAquatic habitats$2fast 606 $aAquatic organisms$2fast 607 $aOregon$zWillamette River Watershed$2fast 615 0$aAquatic organisms 615 0$aAquatic habitats 615 0$aAquatic ecology 615 7$aAquatic ecology. 615 7$aAquatic habitats. 615 7$aAquatic organisms. 700 $aAltman$b Bob$01386600 702 $aHenson$b Colleen M. 702 $aWaite$b Ian R. 712 02$aGeological Survey (U.S.), 712 02$aU.S. Fish and Wildlife Service. 712 02$aNational Water-Quality Assessment Program (U.S.) 801 0$bOCLCE 801 1$bOCLCE 801 2$bOCLCQ 801 2$bOCLCF 801 2$bOCLCO 801 2$bOCLCQ 801 2$bCOP 801 2$bRLA 801 2$bOCLCA 801 2$bXFF 801 2$bGPO 906 $aBOOK 912 $a9910716008003321 996 $aSummary of information on aquatic biota and their habitats in the Willamette Basin, Oregon, through 1995$93443551 997 $aUNINA